• AIU
  • Tony Wilmot Memorial Library

An exegetical summary of Colossians / (Record no. 62291)

MARC details
000 -LEADER
fixed length control field 00937cam a2200277 a 4500
001 - CONTROL NUMBER
control field 2618482
003 - CONTROL NUMBER IDENTIFIER
control field OSt
005 - DATE AND TIME OF LATEST TRANSACTION
control field 20160216153448.0
008 - FIXED-LENGTH DATA ELEMENTS--GENERAL INFORMATION
fixed length control field 980420s1998 txu b 000 0 eng
010 ## - LIBRARY OF CONGRESS CONTROL NUMBER
LC control number 98060231
020 ## - INTERNATIONAL STANDARD BOOK NUMBER
International Standard Book Number 1556710623
040 ## - CATALOGING SOURCE
Original cataloging agency DLC
Transcribing agency DLC
050 00 - LIBRARY OF CONGRESS CALL NUMBER
Classification number BS 511.3
Item number .S86 VOL.51
082 00 - DEWEY DECIMAL CLASSIFICATION NUMBER
Classification number 227/.7077
Edition number 21
100 1# - MAIN ENTRY--PERSONAL NAME
Personal name King, Martha.
9 (RLIN) 24862
245 13 - TITLE STATEMENT
Title An exegetical summary of Colossians /
Statement of responsibility, etc Martha King.
260 ## - PUBLICATION, DISTRIBUTION, ETC. (IMPRINT)
Place of publication, distribution, etc Dallas, TX :
Name of publisher, distributor, etc Summer Institute of Linguistics,
Date of publication, distribution, etc c1998.
300 ## - PHYSICAL DESCRIPTION
Extent 352 p. ;
Dimensions 23 cm.
490 ## - SERIES STATEMENT
Series statement Summer Institute of Linguistics;
Volume number/sequential designation V. 51
504 ## - BIBLIOGRAPHY, ETC. NOTE
Bibliography, etc Includes bibliographical references
630 00 - SUBJECT ADDED ENTRY--UNIFORM TITLE
Uniform title Bible.
Name of part/section of a work Colossians
General subdivision Criticism, interpretation, etc.
9 (RLIN) 24863
630 00 - SUBJECT ADDED ENTRY--UNIFORM TITLE
Uniform title Bible
Name of part/section of a work Colossians
General subdivision Translating.
9 (RLIN) 39369
906 ## - LOCAL DATA ELEMENT F, LDF (RLIN)
a 7
b cbc
c orignew
d 2
e opcn
f 19
g y-gencatlg
942 ## - ADDED ENTRY ELEMENTS (KOHA)
Source of classification or shelving scheme Library of Congress Classification
Koha item type Reference
Holdings
Withdrawn status Lost status Source of classification or shelving scheme Damaged status Not for loan Collection code Home library Current library Shelving location Date acquired Source of acquisition Cost, normal purchase price Total Checkouts Full call number Barcode Date last seen Copy number Price effective from Koha item type
    Library of Congress Classification     Reference AIU/NEGST - Tony Wilmot Memorial Library AIU/NEGST - Tony Wilmot Memorial Library Processing Center 02/14/2014 Donation - TBN 35.00   BS 511.3.S86 Vol.51   03/29/2023 Vol.51   Reference
    Library of Congress Classification     Reference Nairobi central Business- Campus Nairobi central Business- Campus Reference 09/15/2015 Donation- Prof. Murray J. Harris 35.00   REF BS 511.3.S86 VOL.51 R37328K3232 09/29/2019 Vol. 51 02/02/2016 Reference